| 000 | 00423nam a2200157Ia 4500 | ||
|---|---|---|---|
| 008 | 260514s2024 xx 000 0 und d | ||
| 041 | _aeng | ||
| 082 |
_a615.19/GUP _bM-3742 |
||
| 100 | _aPROF.M.K.GUPTA | ||
| 245 | _aQUALITY ASSURANCE AND QUALITY MANAGEMENT SYSTEM | ||
| 250 | _a3rd ed | ||
| 260 |
_aPUNE _bNIRALI PRAKASHAN _c2024 |
||
| 300 | _aP.B.14-18 | ||
| 650 | _aQUALITY ASSURANCE | ||
| 700 | _aDEEPIKA BAIRGGEE | ||
| 999 |
_c1221597 _d1221597 |
||